000 01145nam a22002775i 4500
001 12202
003 ES-MaACL
005 20250830011425.0
007 t|
008 960521s1995 sp ||||0| spa j
020 _a84-7114-566-9
040 _aM-BN
_bspa
_cM-BN
080 _a37.012(100-67 OCDE)
245 0 0 _aAnálisis del panorama educativo
_b: indicadores de la OCDE 1995 /
_cCentro para la Investigación e Innovación en la Enseñanza, Indicadores de los Sistemas de Enseñanza.
250 _a[3ª ed.].
260 _aParís :
_bOrganización para la Cooperación y el Desarrollo Económico ;
_aMadrid :
_bMundi-Prensa,
_c1995.
300 _a373 p ;
_c27 cm.
500 _aTraducción de: Education at a glance.
500 _aTraducido del francés.
650 1 4 _aEnseñanza-
_zPaíses de la Organización de Cooperación y Desarrollo Económico
_912296
710 2 _aCentro para la Investigación y la Innovación en la Enseñanza
_92775
710 2 _aOrganización de Cooperación y Desarrollo Económico.
_9167502
852 _aES-MaACL
_jL-19411
_bR.124698
999 _c12202
_d12202